Khoa học & Công nghệ

Enregistré dans:
Détails bibliographiques
Format: Livre
Langue:Undetermined
Publié: An Giang Sở khoa học Công nghệ tỉnh An Giang 2018
Sujets:
Tags: Ajouter un tag
Pas de tags, Soyez le premier à ajouter un tag!
Thư viện lưu trữ: Trung tâm Học liệu Trường Đại học Cần Thơ
LEADER 00474nam a2200157Ia 4500
001 CTU_235443
008 210402s9999 xx 000 0 und d
082 |a 600 
082 |b Kh401 
245 0 |a Khoa học & Công nghệ 
245 0 |c Sở Khoa học Công nghệ tỉnh An Giang 
260 |a An Giang 
260 |b Sở khoa học Công nghệ tỉnh An Giang 
260 |c 2018 
650 |a Science 
980 |a Trung tâm Học liệu Trường Đại học Cần Thơ